Risultati Serie A 2023-2024 - 37ª giornata - Statistics

Statistiche generali
  • Questo quiz è stato fatto 29 volte
  • Il punteggio medio è 4 su 10
Statistiche sulle risposte
Hint Risposta % Corretto
Bologna-Juventus 3-3
74%
Inter-Lazio 1-1
59%
Lecce-Atalanta 0-2
48%
Salernitana-Verona 1-2
48%
Fiorentina-Napoli 2-2
48%
Roma-Genoa 1-0
44%
Torino-Milan 3-1
30%
Udinese-Empoli 1-1
26%
Monza-Frosinone 0-1
19%
Sassuolo-Cagliari 0-2
15%
Nessun quiz corrispondente trovato
Distribuzione punteggi
Percentuale di utenti per punteggio
Percentile per numero di risposta
I tuoi punteggi nel tempo
Non hai fatto questo quiz